[Event "Greek Team Championship"]
[Site "chess24.com"]
[Date "2017.07.03"]
[Round "1"]
[White "Seyb, Alexander"]
[Black "Tzamtzis, Konstantinos"]
[Result "1-0"]
[Board "2"]
[WhiteElo "2425"]
[WhiteTitle "IM"]
[WhiteCountry "GER"]
[WhiteFideId "4699033"]
[WhiteEloChange "1"]
[BlackElo "1860"]
[BlackCountry "GRE"]
[BlackFideId "4210042"]
[BlackEloChange "-2"]

1. e4 {[%clk 1:30:57]} e5 {[%clk 1:30:50]} 2. Nf3 {[%clk 1:31:20]} Nc6 {[%clk
1:31:11]} 3. Bb5 {[%clk 1:31:41]} a6 {[%clk 1:31:33]} 4. Ba4 {[%clk 1:32:06]} Nf6
{[%clk 1:31:52]} 5. O-O {[%clk 1:32:28]} Be7 {[%clk 1:32:08]} 6. Re1 {[%clk
1:32:51]} b5 {[%clk 1:32:30]} 7. Bb3 {[%clk 1:33:16]} d6 {[%clk 1:32:37]} 8. c3
{[%clk 1:33:38]} O-O {[%clk 1:32:59]} 9. a4 {[%clk 1:32:38]} Bg4 {[%clk 1:08:45]}
10. d3 {[%clk 1:32:30]} Re8 {[%clk 1:04:28]} 11. h3 {[%clk 1:20:39]} Bh5 {[%clk
1:03:26]} 12. Nbd2 {[%clk 1:07:23]} Bf8 {[%clk 1:01:33]} 13. Nf1 {[%clk 1:03:11]}
Na5 {[%clk 0:55:54]} 14. Bc2 {[%clk 0:49:47]} c5 {[%clk 0:38:01]} 15. axb5 {[%clk
0:43:29]} axb5 {[%clk 0:38:16]} 16. Bg5 {[%clk 0:43:48]} h6 {[%clk 0:34:10]} 17.
Bxf6 {[%clk 0:44:13]} Qxf6 {[%clk 0:34:09]} 18. g4 {[%clk 0:44:12]} Bg6 {[%clk
0:33:53]} 19. Ne3 {[%clk 0:44:22]} Qd8 {[%clk 0:30:55]} 20. Nd5 {[%clk 0:44:30]}
Rc8 {[%clk 0:23:02]} 21. Kg2 {[%clk 0:34:21]} Nc6 {[%clk 0:20:08]} 22. Bb3 {[%clk
0:34:32]} Na5 {[%clk 0:20:02]} 23. Ba2 {[%clk 0:26:54]} c4 {[%clk 0:19:40]} 24.
b4 {[%clk 0:27:19]} cxb3 {[%clk 0:19:20]} 25. Bxb3 {[%clk 0:27:46]} Kh7 {[%clk
0:13:53]} 26. Ba2 {[%clk 0:25:15]} Nc6 {[%clk 0:12:50]} 27. Qb3 {[%clk 0:22:38]}
Rb8 {[%clk 0:09:56]} 28. Reb1 {[%clk 0:21:56]} Ne7 {[%clk 0:08:34]} 29. Qb4
{[%clk 0:19:51]} Nxd5 {[%clk 0:07:55]} 30. Bxd5 {[%clk 0:20:18]} Qf6 {[%clk
0:07:25]} 31. Ra5 {[%clk 0:14:48]} Qf4 {[%clk 0:07:26]} 32. Rxb5 {[%clk 0:13:22]}
Rbc8 {[%clk 0:06:55]} 33. c4 {[%clk 0:11:22]} h5 {[%clk 0:07:02]} 34. Qd2 {[%clk
0:11:43]} hxg4 {[%clk 0:06:50]} 35. Qxf4 {[%clk 0:12:11]} gxh3+ {[%clk 0:07:07]}
36. Kxh3 {[%clk 0:12:24]} exf4 {[%clk 0:07:28]} 37. Kg4 {[%clk 0:12:44]} Be7
{[%clk 0:03:51]} 38. Rb7 {[%clk 0:11:27]} Bf6 {[%clk 0:03:11]} 39. Rxf7 {[%clk
0:09:59]} Bxf7 {[%clk 0:02:23]} 40. Bxf7 {[%clk 0:40:26]} g6 {[%clk 0:30:44]} 41.
Bxe8 {[%clk 0:40:50]} Rxe8 {[%clk 0:30:58]} 42. Kxf4 {[%clk 0:40:56]} Kg7 {[%clk
0:27:53]} 43. Rb7+ {[%clk 0:40:56]} Be7 {[%clk 0:27:50]} 44. e5 {[%clk 0:36:47]}
dxe5+ {[%clk 0:26:45]} 45. Nxe5 {[%clk 0:37:11]} g5+ {[%clk 0:25:45]} 46. Ke4
{[%clk 0:35:35]} Kf6 {[%clk 0:24:47]} 47. Rb6+ {[%clk 0:35:54]} Kg7 {[%clk
0:25:05]} 48. Re6 {[%clk 0:36:17]} 1-0

[Event "Greek Team Championship"]
[Site "chess24.com"]
[Date "2017.07.03"]
[Round "1"]
[White "Koronas, Vasilios"]
[Black "Mavrikakis, Georgios"]
[Result "1-0"]
[Board "3"]
[WhiteElo "1777"]
[WhiteCountry "GRE"]
[WhiteFideId "4215397"]
[WhiteEloChange "17"]
[BlackElo "2074"]
[BlackCountry "GRE"]
[BlackFideId "4211782"]
[BlackEloChange "-17"]

1. g3 {[%clk 1:30:43]} f5 {[%clk 1:30:22]} 2. Bg2 {[%clk 1:31:05]} Nf6 {[%clk
1:30:46]} 3. d3 {[%clk 1:31:13]} Nc6 {[%clk 1:30:26]} 4. Nd2 {[%clk 1:31:03]} e5
{[%clk 1:30:30]} 5. a3 {[%clk 1:31:24]} d5 {[%clk 1:27:59]} 6. b4 {[%clk
1:31:30]} e4 {[%clk 1:25:47]} 7. Bb2 {[%clk 1:25:23]} Bd6 {[%clk 1:23:37]} 8. c4
{[%clk 1:24:53]} Be5 {[%clk 1:19:12]} 9. Bxe5 {[%clk 0:51:02]} Nxe5 {[%clk
1:19:20]} 10. cxd5 {[%clk 0:47:14]} exd3 {[%clk 1:15:18]} 11. Qb3 {[%clk
0:44:29]} O-O {[%clk 0:59:55]} 12. f4 {[%clk 0:34:36]} Neg4 {[%clk 0:58:16]} 13.
Qxd3 {[%clk 0:34:47]} Re8 {[%clk 0:58:03]} 14. Nh3 {[%clk 0:32:23]} Ne3 {[%clk
0:44:39]} 15. Bf3 {[%clk 0:25:18]} Nfxd5 {[%clk 0:40:31]} 16. Nc4 {[%clk
0:24:52]} c6 {[%clk 0:25:50]} 17. Nxe3 {[%clk 0:21:06]} Nxe3 {[%clk 0:24:26]} 18.
Qb3+ {[%clk 0:19:58]} Nd5 {[%clk 0:23:02]} 19. Rd1 {[%clk 0:19:07]} Be6 {[%clk
0:20:57]} 20. Ng5 {[%clk 0:19:05]} Qb6 {[%clk 0:20:38]} 21. Nxe6 {[%clk 0:19:00]}
Rxe6 {[%clk 0:21:01]} 22. Bxd5 {[%clk 0:13:05]} cxd5 {[%clk 0:21:47]} 23. Rxd5
{[%clk 0:13:26]} Kh8 {[%clk 0:19:30]} 24. Rxf5 {[%clk 0:12:23]} Rc8 {[%clk
0:10:48]} 25. Kf1 {[%clk 0:09:04]} Rc1+ {[%clk 0:10:21]} 26. Kg2 {[%clk 0:09:27]}
Rxe2+ {[%clk 0:09:55]} 27. Kf3 {[%clk 0:05:19]} Rf2+ {[%clk 0:08:30]} 28. Kg4
{[%clk 0:05:42]} Rc8 {[%clk 0:08:32]} 29. Rc1 {[%clk 0:05:40]} Ra8 {[%clk
0:06:48]} 30. Qf7 {[%clk 0:05:37]} Qd8 {[%clk 0:06:16]} 31. Rd5 {[%clk 0:03:07]}
Qb6 {[%clk 0:05:27]} 32. Rc7 {[%clk 0:02:57]} Qh6 {[%clk 0:04:13]} 33. Rh5 {[%clk
0:02:56]} 1-0

[Event "Greek Team Championship"]
[Site "chess24.com"]
[Date "2017.07.03"]
[Round "1"]
[White "Mihopoulos, Konstantinos"]
[Black "Lagaras, Stylianos"]
[Result "1-0"]
[Board "4"]
[WhiteElo "2028"]
[WhiteCountry "GRE"]
[WhiteFideId "4217110"]
[WhiteEloChange "2"]
[BlackElo "1668"]
[BlackCountry "GRE"]
[BlackFideId "25837788"]
[BlackEloChange "-2"]

1. d4 {[%clk 1:30:54]} Nf6 {[%clk 1:30:50]} 2. Bf4 {[%clk 1:31:08]} d5 {[%clk
1:31:04]} 3. e3 {[%clk 1:31:22]} c5 {[%clk 1:31:16]} 4. c3 {[%clk 1:31:43]} Nc6
{[%clk 1:31:30]} 5. Nd2 {[%clk 1:32:05]} e6 {[%clk 1:31:07]} 6. Ngf3 {[%clk
1:31:12]} Bd6 {[%clk 1:30:17]} 7. Bg3 {[%clk 1:31:19]} O-O {[%clk 1:27:26]} 8.
Bb5 {[%clk 1:31:42]} Be7 {[%clk 1:24:34]} 9. Bxc6 {[%clk 1:26:09]} bxc6 {[%clk
1:24:51]} 10. Ne5 {[%clk 1:26:27]} Qe8 {[%clk 1:09:49]} 11. Qa4 {[%clk 1:17:21]}
cxd4 {[%clk 1:05:18]} 12. exd4 {[%clk 1:10:46]} c5 {[%clk 1:04:28]} 13. Qxe8
{[%clk 1:08:53]} Rxe8 {[%clk 1:03:16]} 14. Nb3 {[%clk 1:07:50]} Ne4 {[%clk
0:59:24]} 15. Nc6 {[%clk 1:04:31]} Bf8 {[%clk 0:57:02]} 16. Bh4 {[%clk 0:53:13]}
cxd4 {[%clk 0:50:28]} 17. Ncxd4 {[%clk 0:52:13]} e5 {[%clk 0:45:18]} 18. Nb5
{[%clk 0:50:32]} Bd6 {[%clk 0:38:12]} 19. f3 {[%clk 0:46:57]} a6 {[%clk 0:38:31]}
20. fxe4 {[%clk 0:47:16]} axb5 {[%clk 0:38:28]} 21. exd5 {[%clk 0:47:36]} Bb7
{[%clk 0:38:32]} 22. O-O {[%clk 0:43:02]} Bxd5 {[%clk 0:36:12]} 23. Rad1 {[%clk
0:42:43]} Bxb3 {[%clk 0:36:27]} 24. axb3 {[%clk 0:43:01]} Bc5+ {[%clk 0:34:52]}
25. Bf2 {[%clk 0:43:13]} Bxf2+ {[%clk 0:33:33]} 26. Rxf2 {[%clk 0:43:37]} f6
{[%clk 0:23:59]} 27. b4 {[%clk 0:41:42]} Kf7 {[%clk 0:22:06]} 28. Rd5 {[%clk
0:39:10]} Ra1+ {[%clk 0:16:14]} 29. Rf1 {[%clk 0:39:33]} Ra2 {[%clk 0:15:10]} 30.
Rb1 {[%clk 0:34:43]} Rb8 {[%clk 0:13:49]} 31. Rd7+ {[%clk 0:34:50]} Kg6 {[%clk
0:13:37]} 32. g4 {[%clk 0:34:50]} Rba8 {[%clk 0:09:55]} 33. Rb7 {[%clk 0:26:12]}
Ra1 {[%clk 0:10:12]} 34. Rxa1 {[%clk 0:24:41]} Rxa1+ {[%clk 0:10:38]} 35. Kf2
{[%clk 0:25:03]} Rb1 {[%clk 0:09:49]} 36. Rxb5 {[%clk 0:25:26]} Rxb2+ {[%clk
0:10:00]} 37. Kg3 {[%clk 0:25:48]} Rb3 {[%clk 0:09:52]} 38. Rc5 {[%clk 0:26:05]}
h5 {[%clk 0:08:57]} 39. h3 {[%clk 0:23:06]} Kg5 {[%clk 0:08:11]} 40. h4+ {[%clk
0:47:26]} Kg6 {[%clk 0:37:58]} 41. Rc6 {[%clk 0:45:31]} Rb1 {[%clk 0:34:20]} 42.
Kf3 {[%clk 0:43:26]} Rf1+ {[%clk 0:29:11]} 43. Ke2 {[%clk 0:41:23]} Rb1 {[%clk
0:29:18]} 44. gxh5+ {[%clk 0:40:33]} Kxh5 {[%clk 0:28:10]} 45. Kd3 {[%clk
0:40:56]} Kg4 {[%clk 0:24:11]} 46. Kc2 {[%clk 0:40:57]} Rh1 {[%clk 0:23:21]} 47.
b5 {[%clk 0:40:30]} Kf3 {[%clk 0:16:26]} 48. b6 {[%clk 0:31:18]} Rh2+ {[%clk
0:14:32]} 49. Kb3 {[%clk 0:31:40]} Rh1 {[%clk 0:13:55]} 50. Ka2 {[%clk 0:32:04]}
Rh2+ {[%clk 0:09:47]} 51. Ka3 {[%clk 0:32:27]} Rh1 {[%clk 0:09:39]} 52. b7 {[%clk
0:27:18]} Rb1 {[%clk 0:10:02]} 53. Rc7 {[%clk 0:27:44]} e4 {[%clk 0:08:13]} 54.
Ka2 {[%clk 0:28:09]} Rb6 {[%clk 0:07:43]} 55. c4 {[%clk 0:27:07]} e3 {[%clk
0:05:59]} 56. c5 {[%clk 0:27:34]} Rb5 {[%clk 0:01:44]} 57. Re7 {[%clk 0:26:25]}
f5 {[%clk 0:01:34]} 58. c6 {[%clk 0:23:51]} f4 {[%clk 0:02:01]} 59. Rxg7 {[%clk
0:23:39]} e2 {[%clk 0:01:37]} 60. Re7 {[%clk 0:23:57]} Kf2 {[%clk 0:01:31]} 61.
Rxe2+ {[%clk 0:24:10]} Kxe2 {[%clk 0:01:48]} 62. c7 {[%clk 0:24:38]} Rxb7 {[%clk
0:02:06]} 63. c8Q {[%clk 0:25:02]} Ra7+ {[%clk 0:01:49]} 64. Kb3 {[%clk 0:25:22]}
f3 {[%clk 0:01:31]} 65. Qc4+ {[%clk 0:23:26]} Ke1 {[%clk 0:01:39]} 66. Qe4+
{[%clk 0:23:48]} 1-0

[Event "Greek Team Championship"]
[Site "chess24.com"]
[Date "2017.07.03"]
[Round "1"]
[White "Spyropoulos, Nikolaos"]
[Black "Zgouletas, Ioannis"]
[Result "1-0"]
[Board "8"]
[WhiteElo "2229"]
[WhiteCountry "GRE"]
[WhiteFideId "4298977"]
[WhiteEloChange "2"]
[BlackElo "1514"]
[BlackCountry "GRE"]
[BlackFideId "4289455"]
[BlackEloChange "-2"]

1. c4 {[%clk 1:30:56]} Nf6 {[%clk 1:30:16]} 2. g3 {[%clk 1:31:14]} e6 {[%clk
1:30:31]} 3. Bg2 {[%clk 1:31:41]} d5 {[%clk 1:30:28]} 4. Nf3 {[%clk 1:31:54]} b6
{[%clk 1:24:07]} 5. O-O {[%clk 1:31:19]} Bb7 {[%clk 1:23:18]} 6. b3 {[%clk
1:29:22]} c5 {[%clk 1:23:06]} 7. cxd5 {[%clk 1:28:54]} exd5 {[%clk 1:23:06]} 8.
d4 {[%clk 1:28:39]} Be7 {[%clk 1:18:55]} 9. Nc3 {[%clk 1:27:39]} Ne4 {[%clk
1:17:12]} 10. Bb2 {[%clk 1:27:13]} f5 {[%clk 1:17:13]} 11. e3 {[%clk 1:25:44]}
Nd7 {[%clk 1:14:21]} 12. dxc5 {[%clk 1:24:55]} Ndxc5 {[%clk 1:14:15]} 13. Nd4
{[%clk 1:24:20]} Bf6 {[%clk 1:06:50]} 14. b4 {[%clk 1:19:07]} Nd7 {[%clk
0:57:17]} 15. Nxe4 {[%clk 1:18:07]} dxe4 {[%clk 0:39:30]} 16. Ne6 {[%clk
1:16:32]} Qb8 {[%clk 0:24:23]} 17. Bxf6 {[%clk 1:15:56]} gxf6 {[%clk 0:21:27]}
18. Ng7+ {[%clk 1:16:03]} Ke7 {[%clk 0:20:37]} 19. Nxf5+ {[%clk 1:16:28]} Ke6
{[%clk 0:21:01]} 20. Bh3 {[%clk 1:13:21]} Ne5 {[%clk 0:21:08]} 21. Qb3+ {[%clk
1:12:17]} Bd5 {[%clk 0:21:13]} 22. Nd4+ {[%clk 1:10:08]} Kd6 {[%clk 0:21:07]} 23.
Nb5+ {[%clk 1:10:28]} Kc6 {[%clk 0:21:29]} 24. Rfc1+ {[%clk 1:09:05]} Kxb5 {[%clk
0:13:01]} 25. a4+ {[%clk 1:09:20]} Ka6 {[%clk 0:13:25]} 26. b5+ {[%clk 1:09:45]}
1-0

[Event "Greek Team Championship"]
[Site "chess24.com"]
[Date "2017.07.03"]
[Round "1"]
[White "Koukouvinos, Viktor"]
[Black "Goutis, Panagiotis"]
[Result "1/2-1/2"]
[Board "9"]
[WhiteElo "1452"]
[WhiteCountry "GRE"]
[WhiteFideId "25868209"]
[WhiteEloChange "2"]
[BlackElo "1522"]
[BlackCountry "GRE"]
[BlackFideId "25801350"]
[BlackEloChange "-2"]

1. d4 {[%clk 1:30:45]} Nf6 {[%clk 1:30:56]} 2. c4 {[%clk 1:30:46]} e6 {[%clk
1:31:22]} 3. Nc3 {[%clk 1:30:57]} Bb4 {[%clk 1:31:49]} 4. Nf3 {[%clk 1:30:53]} d6
{[%clk 1:27:54]} 5. e3 {[%clk 1:29:51]} Nbd7 {[%clk 1:25:55]} 6. Bd3 {[%clk
1:22:51]} e5 {[%clk 1:20:56]} 7. Qc2 {[%clk 1:20:37]} O-O {[%clk 1:18:01]} 8. O-O
{[%clk 1:19:41]} Bxc3 {[%clk 1:13:33]} 9. bxc3 {[%clk 1:19:54]} b6 {[%clk
1:09:50]} 10. Rd1 {[%clk 1:13:27]} Qe7 {[%clk 1:05:46]} 11. e4 {[%clk 1:11:18]}
Bb7 {[%clk 1:02:01]} 12. d5 {[%clk 1:09:27]} Nh5 {[%clk 0:32:56]} 13. Bg5 {[%clk
0:58:52]} Qe8 {[%clk 0:31:31]} 14. Qd2 {[%clk 0:47:24]} f6 {[%clk 0:25:09]} 15.
Be3 {[%clk 0:45:02]} g6 {[%clk 0:22:48]} 16. Bh6 {[%clk 0:39:39]} Ng7 {[%clk
0:23:06]} 17. Re1 {[%clk 0:34:58]} Nc5 {[%clk 0:19:25]} 18. Bc2 {[%clk 0:32:58]}
Ba6 {[%clk 0:19:08]} 19. Bb3 {[%clk 0:30:43]} Nb7 {[%clk 0:18:33]} 20. Qe3 {[%clk
0:26:14]} Na5 {[%clk 0:18:14]} 21. Nd2 {[%clk 0:25:02]} Rc8 {[%clk 0:15:48]} 22.
Qg3 {[%clk 0:21:58]} Kh8 {[%clk 0:13:22]} 23. Re3 {[%clk 0:18:59]} Rf7 {[%clk
0:09:37]} 24. Rf3 {[%clk 0:15:54]} Qd7 {[%clk 0:05:42]} 25. Bxg7+ {[%clk
0:13:16]} Kxg7 {[%clk 0:05:39]} 26. Qh4 {[%clk 0:12:10]} Qe8 {[%clk 0:02:18]} 27.
Re1 {[%clk 0:11:17]} c6 {[%clk 0:01:28]} 28. Rh3 {[%clk 0:10:09]} Qh8 {[%clk
0:01:34]} 29. Ree3 {[%clk 0:09:40]} Kg8 {[%clk 0:01:27]} 30. Reg3 {[%clk
0:09:18]} Qg7 {[%clk 0:01:19]} 31. Bd1 {[%clk 0:07:04]} Re8 {[%clk 0:01:08]} 32.
Be2 {[%clk 0:06:35]} cxd5 {[%clk 0:01:01]} 33. exd5 {[%clk 0:06:34]} Bc8 {[%clk
0:01:15]} 34. Ne4 {[%clk 0:05:17]} Nb7 {[%clk 0:01:17]} 35. Rf3 {[%clk 0:05:08]}
Bf5 {[%clk 0:00:53]} 36. Rxf5 {[%clk 0:05:02]} gxf5 {[%clk 0:00:53]} 37. Rg3
{[%clk 0:05:19]} fxe4 {[%clk 0:00:53]} 38. Rxg7+ {[%clk 0:05:25]} Rxg7 {[%clk
0:01:08]} 39. Qxf6 {[%clk 0:05:19]} Rf8 {[%clk 0:00:55]} 40. Qe6+ {[%clk
0:35:19]} Kh8 {[%clk 0:30:57]} 41. h4 {[%clk 0:32:46]} Rgf7 {[%clk 0:23:42]} 42.
f3 {[%clk 0:31:43]} exf3 {[%clk 0:21:47]} 43. Bxf3 {[%clk 0:31:18]} Rf6 {[%clk
0:21:10]} 44. Qd7 {[%clk 0:30:06]} R6f7 {[%clk 0:20:37]} 1/2-1/2

[Event "Greek Team Championship"]
[Site "chess24.com"]
[Date "2017.07.03"]
[Round "1"]
[White "Grigorov, Grigor"]
[Black "Halkias, Alexandros"]
[Result "1-0"]
[Board "1"]
[WhiteElo "2503"]
[WhiteTitle "GM"]
[WhiteCountry "BUL"]
[WhiteFideId "2907313"]
[WhiteEloChange "1"]
[BlackElo "2094"]
[BlackCountry "GRE"]
[BlackFideId "4203976"]
[BlackEloChange "-2"]

1. d4 {[%clk 1:30:57]} d5 {[%clk 1:30:46]} 2. c4 {[%clk 1:31:10]} c6 {[%clk
1:30:54]} 3. Nf3 {[%clk 1:31:15]} Nf6 {[%clk 1:31:02]} 4. cxd5 {[%clk 1:30:16]}
cxd5 {[%clk 1:30:59]} 5. Nc3 {[%clk 1:30:40]} Nc6 {[%clk 1:30:05]} 6. Bf4 {[%clk
1:31:03]} a6 {[%clk 1:26:23]} 7. Rc1 {[%clk 1:31:23]} Bf5 {[%clk 1:22:13]} 8. e3
{[%clk 1:31:39]} Qb6 {[%clk 1:18:28]} 9. Bd3 {[%clk 1:23:11]} Bxd3 {[%clk
1:14:17]} 10. Qxd3 {[%clk 1:23:35]} e6 {[%clk 1:13:28]} 11. O-O {[%clk 1:23:38]}
Be7 {[%clk 0:48:28]} 12. Ne5 {[%clk 1:19:30]} Nxe5 {[%clk 0:37:18]} 13. Bxe5
{[%clk 1:17:48]} O-O {[%clk 0:36:53]} 14. Na4 {[%clk 1:14:55]} Qb5 {[%clk
0:27:30]} 15. Qb3 {[%clk 1:08:59]} Nd7 {[%clk 0:15:33]} 16. Rc7 {[%clk 1:05:40]}
Nxe5 {[%clk 0:11:21]} 17. dxe5 {[%clk 1:01:07]} Qxb3 {[%clk 0:11:38]} 18. axb3
{[%clk 1:01:27]} Bb4 {[%clk 0:09:28]} 19. Rxb7 {[%clk 0:51:44]} Rfb8 {[%clk
0:09:23]} 20. Rxb8+ {[%clk 0:51:42]} Rxb8 {[%clk 0:09:48]} 21. Rc1 {[%clk
0:51:25]} Kf8 {[%clk 0:07:48]} 22. Kf1 {[%clk 0:46:49]} Ke8 {[%clk 0:07:07]} 23.
Rc6 {[%clk 0:46:21]} a5 {[%clk 0:07:03]} 24. Ke2 {[%clk 0:44:34]} Be7 {[%clk
0:05:20]} 25. Rc3 {[%clk 0:39:00]} Bb4 {[%clk 0:04:59]} 26. Rd3 {[%clk 0:38:08]}
Rc8 {[%clk 0:04:56]} 27. Nc3 {[%clk 0:37:52]} h5 {[%clk 0:04:54]} 28. Kd1 {[%clk
0:34:21]} Ke7 {[%clk 0:04:55]} 29. Kc2 {[%clk 0:33:54]} Rc5 {[%clk 0:03:32]} 30.
Rd1 {[%clk 0:34:14]} g6 {[%clk 0:03:45]} 31. Kd3 {[%clk 0:34:19]} Rc8 {[%clk
0:03:22]} 32. Ra1 {[%clk 0:32:49]} Kd7 {[%clk 0:02:36]} 33. Nb5 {[%clk 0:29:25]}
Rb8 {[%clk 0:02:15]} 34. Nd4 {[%clk 0:29:36]} Rb7 {[%clk 0:02:01]} 35. Rc1 {[%clk
0:26:23]} Rc7 {[%clk 0:01:43]} 36. Rxc7+ {[%clk 0:24:31]} Kxc7 {[%clk 0:02:11]}
37. e4 {[%clk 0:24:51]} dxe4+ {[%clk 0:01:20]} 38. Kxe4 {[%clk 0:25:16]} Bc5
{[%clk 0:01:26]} 39. f4 {[%clk 0:24:03]} Kd7 {[%clk 0:01:10]} 40. Kd3 {[%clk
0:54:04]} Bb4 {[%clk 0:31:08]} 41. Nf3 {[%clk 0:49:34]} Bc5 {[%clk 0:26:03]} 42.
Ng5 {[%clk 0:47:42]} Ke7 {[%clk 0:25:28]} 43. Ne4 {[%clk 0:47:53]} Bg1 {[%clk
0:17:32]} 44. h4 {[%clk 0:45:01]} Bh2 {[%clk 0:11:17]} 45. g3 {[%clk 0:38:59]}
Kd7 {[%clk 0:11:06]} 46. Ke2 {[%clk 0:37:23]} Bg1 {[%clk 0:11:06]} 47. Nd6 {[%clk
0:36:10]} f6 {[%clk 0:05:03]} 48. Nc4 {[%clk 0:36:08]} fxe5 {[%clk 0:05:07]} 49.
Nxe5+ {[%clk 0:36:11]} Kd6 {[%clk 0:04:51]} 50. Nc4+ {[%clk 0:35:30]} Kc5 {[%clk
0:03:45]} 51. Nxa5 {[%clk 0:35:52]} Bd4 {[%clk 0:02:45]} 52. Nc4 {[%clk 0:33:08]}
Kb4 {[%clk 0:03:04]} 53. Ne5 {[%clk 0:33:21]} Kxb3 {[%clk 0:03:11]} 54. Nxg6
{[%clk 0:33:40]} Bxb2 {[%clk 0:03:00]} 55. Nf8 {[%clk 0:22:34]} Kc4 {[%clk
0:01:43]} 56. Nxe6 {[%clk 0:22:50]} Kd5 {[%clk 0:02:07]} 57. Ng5 {[%clk 0:23:09]}
Bc3 {[%clk 0:02:23]} 58. Kf3 {[%clk 0:23:33]} Be1 {[%clk 0:01:52]} 59. g4 {[%clk
0:22:39]} hxg4+ {[%clk 0:02:06]} 60. Kxg4 {[%clk 0:23:04]} Kd6 {[%clk 0:02:06]}
61. h5 {[%clk 0:22:55]} Ke7 {[%clk 0:02:56]} 62. Kf5 {[%clk 0:23:18]} Bd2 {[%clk
0:02:36]} 63. h6 {[%clk 0:23:24]} Kf8 {[%clk 0:03:05]} 64. Kg6 {[%clk 0:23:20]}
1-0

[Event "Greek Team Championship"]
[Site "chess24.com"]
[Date "2017.07.03"]
[Round "1"]
[White "Xilogiannis, Dimitrios"]
[Black "Stojanovski, Dejan"]
[Result "0-1"]
[Board "2"]
[WhiteElo "1909"]
[WhiteCountry "GRE"]
[WhiteFideId "4239016"]
[WhiteEloChange "-2"]
[BlackElo "2451"]
[BlackTitle "IM"]
[BlackCountry "MKD"]
[BlackFideId "15000796"]
[BlackEloChange "1"]

1. d4 {[%clk 1:30:55]} Nf6 {[%clk 1:30:53]} 2. Nc3 {[%clk 1:31:09]} d5 {[%clk
1:31:06]} 3. Bf4 {[%clk 1:31:32]} c6 {[%clk 1:30:50]} 4. e3 {[%clk 1:31:27]} Bf5
{[%clk 1:25:42]} 5. f3 {[%clk 1:30:50]} h5 {[%clk 1:16:49]} 6. Bd3 {[%clk
1:25:57]} Bxd3 {[%clk 1:13:22]} 7. Qxd3 {[%clk 1:26:17]} e6 {[%clk 1:12:36]} 8.
Nge2 {[%clk 1:17:14]} Nbd7 {[%clk 1:04:01]} 9. O-O {[%clk 1:11:45]} Be7 {[%clk
1:02:47]} 10. a4 {[%clk 1:02:20]} h4 {[%clk 0:58:29]} 11. e4 {[%clk 0:52:57]} Nh5
{[%clk 0:57:01]} 12. Be3 {[%clk 0:50:03]} Qc7 {[%clk 0:55:09]} 13. Qd2 {[%clk
0:32:22]} Bd6 {[%clk 0:46:36]} 14. e5 {[%clk 0:31:44]} Be7 {[%clk 0:45:41]} 15.
Nf4 {[%clk 0:27:45]} Nxf4 {[%clk 0:42:38]} 16. Bxf4 {[%clk 0:28:13]} a6 {[%clk
0:34:43]} 17. Ne2 {[%clk 0:25:00]} c5 {[%clk 0:30:19]} 18. c3 {[%clk 0:24:13]}
Rc8 {[%clk 0:29:08]} 19. Bg5 {[%clk 0:18:49]} Nb8 {[%clk 0:27:57]} 20. Bxe7
{[%clk 0:19:01]} Qxe7 {[%clk 0:28:18]} 21. Qe3 {[%clk 0:10:04]} cxd4 {[%clk
0:22:27]} 22. Nxd4 {[%clk 0:10:13]} Nc6 {[%clk 0:22:46]} 23. Nxc6 {[%clk
0:08:37]} Rxc6 {[%clk 0:23:06]} 24. Rfd1 {[%clk 0:07:52]} Rc4 {[%clk 0:22:06]}
25. Rd4 {[%clk 0:04:45]} Qc5 {[%clk 0:20:39]} 26. Kf2 {[%clk 0:04:49]} Rxd4
{[%clk 0:18:09]} 27. Qxd4 {[%clk 0:05:17]} Qc7 {[%clk 0:17:32]} 28. Re1 {[%clk
0:01:03]} b5 {[%clk 0:16:49]} 29. axb5 {[%clk 0:01:31]} axb5 {[%clk 0:17:16]} 30.
Qg4 {[%clk 0:01:31]} Qc5+ {[%clk 0:17:04]} 31. Qd4 {[%clk 0:01:48]} Qc4 {[%clk
0:16:54]} 32. Qxc4 {[%clk 0:01:04]} bxc4 {[%clk 0:17:19]} 33. b4 {[%clk 0:01:24]}
cxb3 {[%clk 0:17:25]} 34. Rb1 {[%clk 0:01:52]} Rh5 {[%clk 0:16:13]} 35. Rxb3
{[%clk 0:01:36]} Rxe5 {[%clk 0:16:30]} 36. Rb8+ {[%clk 0:01:57]} Ke7 {[%clk
0:16:54]} 37. Rh8 {[%clk 0:01:32]} g5 {[%clk 0:17:14]} 38. Rh5 {[%clk 0:01:25]}
Kd6 {[%clk 0:16:11]} 39. f4 {[%clk 0:00:57]} Rf5 {[%clk 0:15:48]} 40. Rxg5 {[%clk
0:30:42]} Rxf4+ {[%clk 0:46:00]} 41. Ke3 {[%clk 0:29:48]} Rc4 {[%clk 0:46:25]}
42. Kd3 {[%clk 0:28:57]} f5 {[%clk 0:46:51]} 43. Rh5 {[%clk 0:27:38]} Rg4 {[%clk
0:46:16]} 44. Rh7 {[%clk 0:25:12]} f4 {[%clk 0:42:52]} 45. Rh6 {[%clk 0:23:08]}
Rxg2 {[%clk 0:42:33]} 46. Rxh4 {[%clk 0:23:26]} e5 {[%clk 0:42:24]} 47. c4 {[%clk
0:22:03]} dxc4+ {[%clk 0:42:18]} 48. Kxc4 {[%clk 0:22:22]} Ke6 {[%clk 0:42:23]}
49. Kd3 {[%clk 0:20:30]} Kd5 {[%clk 0:42:41]} 50. Rh5 {[%clk 0:20:20]} Ra2 {[%clk
0:43:07]} 51. h4 {[%clk 0:19:02]} Ra3+ {[%clk 0:43:32]} 52. Ke2 {[%clk 0:18:45]}
Ke4 {[%clk 0:44:00]} 53. Rg5 {[%clk 0:18:49]} Ra2+ {[%clk 0:44:24]} 54. Ke1
{[%clk 0:18:42]} Rh2 {[%clk 0:44:41]} 55. h5 {[%clk 0:18:59]} f3 {[%clk 0:44:57]}
56. Kf1 {[%clk 0:17:45]} Kf4 {[%clk 0:45:12]} 57. Rg8 {[%clk 0:18:00]} Rxh5
{[%clk 0:45:33]} 0-1

[Event "Greek Team Championship"]
[Site "chess24.com"]
[Date "2017.07.03"]
[Round "1"]
[White "Iskos, Alexandros"]
[Black "Kivelos, Sotirios"]
[Result "1-0"]
[Board "3"]
[WhiteElo "2169"]
[WhiteCountry "GRE"]
[WhiteFideId "4208676"]
[WhiteEloChange "4"]
[BlackElo "1903"]
[BlackCountry "GRE"]
[BlackFideId "4208374"]
[BlackEloChange "-4"]

1. e4 {[%clk 1:30:57]} c6 {[%clk 1:30:17]} 2. d4 {[%clk 1:31:23]} d5 {[%clk
1:30:37]} 3. e5 {[%clk 1:31:49]} g6 {[%clk 1:30:01]} 4. Nf3 {[%clk 1:19:54]} Bg7
{[%clk 1:26:58]} 5. h3 {[%clk 1:18:43]} Nh6 {[%clk 1:25:11]} 6. Bd3 {[%clk
1:13:22]} f6 {[%clk 1:24:08]} 7. O-O {[%clk 1:13:27]} Nf7 {[%clk 1:22:13]} 8.
exf6 {[%clk 1:11:35]} Bxf6 {[%clk 1:22:29]} 9. Re1 {[%clk 1:10:41]} O-O {[%clk
1:21:54]} 10. c4 {[%clk 1:05:20]} e6 {[%clk 1:20:56]} 11. Nc3 {[%clk 0:58:37]}
Re8 {[%clk 1:20:46]} 12. Bf4 {[%clk 0:45:22]} Nd7 {[%clk 1:15:19]} 13. Bg3 {[%clk
0:42:18]} b6 {[%clk 1:05:35]} 14. Qa4 {[%clk 0:35:37]} Bb7 {[%clk 1:04:24]} 15.
cxd5 {[%clk 0:33:54]} exd5 {[%clk 1:04:11]} 16. Rxe8+ {[%clk 0:34:21]} Qxe8
{[%clk 1:04:34]} 17. Re1 {[%clk 0:34:49]} Qd8 {[%clk 1:04:13]} 18. Ne2 {[%clk
0:23:33]} Nf8 {[%clk 0:48:27]} 19. Nf4 {[%clk 0:20:53]} c5 {[%clk 0:43:25]} 20.
h4 {[%clk 0:09:52]} Qc8 {[%clk 0:26:22]} 21. Bb1 {[%clk 0:05:38]} cxd4 {[%clk
0:24:59]} 22. Qd1 {[%clk 0:02:42]} Qc4 {[%clk 0:16:06]} 23. h5 {[%clk 0:01:34]}
g5 {[%clk 0:14:36]} 24. Ne6 {[%clk 0:02:01]} Ba6 {[%clk 0:12:31]} 25. Nc7 {[%clk
0:00:59]} Bb7 {[%clk 0:04:05]} 26. Nxa8 {[%clk 0:01:25]} Bxa8 {[%clk 0:04:27]}
27. Ne5 {[%clk 0:01:43]} Qb4 {[%clk 0:02:56]} 28. Nxf7 {[%clk 0:01:34]} Kxf7
{[%clk 0:03:20]} 29. Qe2 {[%clk 0:01:49]} Bc6 {[%clk 0:03:01]} 30. Bd3 {[%clk
0:01:02]} h6 {[%clk 0:02:40]} 31. Be5 {[%clk 0:01:02]} Qe7 {[%clk 0:01:51]} 32.
Bxf6 {[%clk 0:00:44]} Qxf6 {[%clk 0:02:18]} 33. Rc1 {[%clk 0:00:57]} Nd7 {[%clk
0:02:02]} 34. Bg6+ {[%clk 0:01:11]} Kg7 {[%clk 0:02:22]} 35. Rxc6 {[%clk
0:01:05]} 1-0